00690nam a2200229Ia 4500003000900000008004100009040001300050040001300063041000800076100002800084245003000112250001100142260001400153260000900167300001100176300001000187490003500197490000700232942000700239999001700246952019700263IT-RoPAU120407s9999 xx 000 0 und d aIT-RoPAU cIT-RoPAU aita aHans Urs von Balthasar  aLa percezione della forma aMilano aJaka Book c1971 a650 p. c24 cm aGloria. Una estetica teologica v18 cBK c36224d36224 00102ddc406230_95000000000000071aPAULUSbPAULUSd2012-04-11l0o230.95r2012-04-11 00:00:00w2012-04-11yBKzInserito da: Carla In data: 24 ottobre 2011 fondo: Via A.Severo 56 Progr:20739